00481nam a2200145 4500001000700000003000900007005001700016007000300033008004100036100004700077245011600124260004100240300002100281852003300302137965ES-MaACL20250929063205.0t|070214s1939 cu r ||||1| spa d1 aSánchez de Fuentes, Eduardo, d1874-194410aIntercambio musical b: el Congreso Internacional de Música de New York / cpor Eduardo Sánchez de Fuentes. aLa Habana : bMolina y Cia., c1939. a16 p. ; c23 cm. aES-MaACLj1825-F-2 bR.16804